Loading...
| History - American | 3 | 1 | 0 | 1 | 55 | 55 | 82.50 | 0 | 2 | 0.00 | 0.00 |
| Literature - European | 2 | 3 | 1 | 1 | 55 | 94 | 108.20 | 2 | 3 | 0.00 | 0.00 |
| Literature - British | 1 | 4 | 0 | 0 | 55 | 82 | 118.80 | 0 | 3 | 0.00 | 0.00 |
| History - World | 1 | 5 | 2 | 0 | 55 | 77 | 93.83 | 0 | 2 | 0.00 | 0.00 |
| Visual Arts | 0 | 5 | 2 | 3 | 40 | 88 | 125.20 | 0 | 2 | 0.00 | 0.00 |
| Science - Biology | 1 | 3 | 1 | 1 | 40 | 70 | 103.75 | 0 | 3 | 0.00 | 0.00 |
| History - European | 1 | 2 | 0 | 0 | 35 | 70 | 94.33 | 0 | 2 | 0.00 | 0.00 |
| Literature - American | 1 | 2 | 0 | 0 | 35 | 67 | 89.67 | 1 | 2 | 0.00 | 0.00 |
| Fine Arts - Classical Music and Opera | 0 | 4 | 1 | 0 | 35 | 98 | 113.75 | 0 | 2 | 0.00 | 0.00 |
| Beliefs | 0 | 2 | 0 | 1 | 20 | 90 | 112.50 | 0 | 1 | 0.00 | 0.00 |
| Fine Arts - Other Arts | 1 | 1 | 1 | 0 | 20 | 79 | 95.50 | 0 | 1 | 0.00 | 0.00 |
| Literature - World | 0 | 2 | 0 | 1 | 20 | 124 | 129.50 | 0 | 0 | 0.00 | 0.00 |
| Other Academic | 1 | 0 | 0 | 0 | 15 | 60 | 60.00 | 0 | 1 | 0.00 | 0.00 |
| Geography | 0 | 1 | 0 | 0 | 10 | 104 | 104.00 | 0 | 1 | 0.00 | 0.00 |
| Science - Other | 0 | 1 | 0 | 0 | 10 | 88 | 88.00 | 0 | 1 | 0.00 | 0.00 |
| History - Ancient | 0 | 2 | 2 | 0 | 10 | 82 | 103.00 | 1 | 2 | 0.00 | 0.00 |
| Social Science | 0 | 1 | 2 | 0 | 0 | 77 | 77.00 | 0 | 1 | 0.00 | 0.00 |
| Philosophy | 0 | 0 | 1 | 0 | -5 | 0.00 | 0 | 0 | 0.00 | 0.00 |